LEADER 00910nam a2200205 4500 001 000000357931 003 CaOOAMICUS 005 20240409144704.0 008 240409s1952 it 100 u ita r 040 $aSeMil$bita 110 0 $aCentro Mariano Monfortano.$0(OLS)http://semarc/name/119519 245 10$aAtti del convegno mariano-sacerdotale di Verona :$b10-12 settembre 1952 /$cCentro Mariano Monfortano. 264 1$aRoma :$bEdizioni Monfortane,$c1952. 300 $a73 p. ;$c28 cm 650 4$aMeditazioni per sacerdoti.$0(OLS)http://semarc/subject/32222 850 $aSeMil 852 $aSeMil$W1$xVenegono$y1$m5B VI 6/7$j247509$B249072$CSeMilBibl$Z2$F249072 $81 996 $6245$aAtti del convegno mariano-sacerdotale di Verona :$b10-12 settembre 1952$9(OLS)http://semarc/title/448227 996 $6264$aRoma :$bEdizioni Monfortane$9(OLS)http://semarc/publisher/61688 LEADER 00935nam a2200229 i 4500 001 000000043986 003 CaOOAMICUS 005 20251218094825.0 008 090508s1971 xx u000 u mul u 013 $a15156 040 $aSeMil$bita 245 13$aLe sacramentaire, le supplément d'Aniane. 300 $a765 p. 490 0 $aSpicilegium Friburgense : Texte zur Geschichte des Kirchlichen Lebens ;$vVol.16 700 1 $aDeshusses, Jean .$0(OLS)http://semarc/name/89125 773 0 $aDeshusses, Jean $tSacramentaire Grégorien.$kSpicilegium Friburgense$gTome1$w()1088 830 0$aSpicilegium Friburgense ;$vVol.16.$0(OLS)http://semarc/title/310 850 $aSeMil 852 $aSeMil$W1$xVenegono$y1$m3A VI 262$j10141$B10141$CSeMilBibl$Z2$F10141 $81 961 $aAcquisto: Casa editrice 996 $6245$aLe sacramentaire, le supplément d'Aniane$9(OLS)http://semarc/title/64844